Using of the Agglomeration-in-liquid for the Technology of the Fine Materials; Procedia Chemistry; Vol. 10 : Chemistry and Chemical Engineering in XXI century
| Parent link: | Procedia Chemistry Vol. 10 : Chemistry and Chemical Engineering in XXI century.— 2014.— [P. 305-309] |
|---|---|
| 第一著者: | |
| 団体著者: | |
| その他の著者: | , |
| 要約: | Title screen The content of the fine and ultrafine particles in the raw material results in difficulty of the separation, the loss of the valuable components and ecological contamination. Secondary using of the fine particles is impossible without their granulation. This problem has been solved by the agglomeration-in-liquid method. An agglomeration-in-liquid method is a process to produce agglomerates in a liquid phase from solid particles suspended in the liquid. The surface of solid particles and the binding liquid must be of identical polarity, but the continuous phase must be of the opposite polarity. The water solutions of the surfactant are the binding liquids or the organic liquids. Режим доступа: по договору с организацией-держателем ресурса |
| 言語: | 英語 |
| 出版事項: |
2014
|
| 主題: | |
| オンライン・アクセス: | http://dx.doi.org/10.1016/j.proche.2014.10.051 http://earchive.tpu.ru/handle/11683/35511 |
| フォーマット: | MixedMaterials 電子媒体 図書の章 |
| KOHA link: | https://koha.lib.tpu.ru/cgi-bin/koha/opac-detail.pl?biblionumber=639510 |
MARC
| LEADER | 00000nla2a2200000 4500 | ||
|---|---|---|---|
| 001 | 639510 | ||
| 005 | 20231101134052.0 | ||
| 035 | |a (RuTPU)RU\TPU\network\3997 | ||
| 035 | |a RU\TPU\network\3995 | ||
| 090 | |a 639510 | ||
| 100 | |a 20150316a2014 k y0engy50 ba | ||
| 101 | 0 | |a eng | |
| 105 | |a y z 100zy | ||
| 135 | |a drcn ---uucaa | ||
| 181 | 0 | |a i | |
| 182 | 0 | |a b | |
| 200 | 1 | |a Using of the Agglomeration-in-liquid for the Technology of the Fine Materials |f O. K. Semakina, S. A. Babenko, N. V. Vakhrameeva | |
| 203 | |a Text |c electronic | ||
| 300 | |a Title screen | ||
| 320 | |a [References: р. 308-309 (23 tit.)] | ||
| 330 | |a The content of the fine and ultrafine particles in the raw material results in difficulty of the separation, the loss of the valuable components and ecological contamination. Secondary using of the fine particles is impossible without their granulation. This problem has been solved by the agglomeration-in-liquid method. An agglomeration-in-liquid method is a process to produce agglomerates in a liquid phase from solid particles suspended in the liquid. The surface of solid particles and the binding liquid must be of identical polarity, but the continuous phase must be of the opposite polarity. The water solutions of the surfactant are the binding liquids or the organic liquids. | ||
| 333 | |a Режим доступа: по договору с организацией-держателем ресурса | ||
| 461 | 0 | |0 (RuTPU)RU\TPU\network\3889 |t Procedia Chemistry | |
| 463 | 0 | |0 (RuTPU)RU\TPU\network\3890 |t Vol. 10 : Chemistry and Chemical Engineering in XXI century |o XV International Scientific Conference dedicated to Professor L. P. Kulyov, 26-29 May 2014, Tomsk, Russia |f National Research Tomsk Polytechnic University (TPU) |v [P. 305-309] |d 2014 | |
| 610 | 1 | |a электронный ресурс | |
| 610 | 1 | |a труды учёных ТПУ | |
| 610 | 1 | |a агломерация | |
| 610 | 1 | |a жидкости | |
| 610 | 1 | |a сапропели | |
| 610 | 1 | |a полимеры | |
| 610 | 1 | |a гранулы | |
| 610 | 1 | |a agglomeration-in-liquid | |
| 610 | 1 | |a sapropel | |
| 610 | 1 | |a polymer particle | |
| 610 | 1 | |a granule | |
| 700 | 1 | |a Semakina |b O. K. |c chemist-technologist |c Associate Professor of Tomsk Polytechnic University, Candidate of technical science |f 1955- |g Olga Konstantinovna |2 stltpush |3 (RuTPU)RU\TPU\pers\31291 | |
| 701 | 1 | |a Babenko |b S. A. | |
| 701 | 1 | |a Vakhrameeva |b N. V. | |
| 712 | 0 | 2 | |a Национальный исследовательский Томский политехнический университет (ТПУ) |b Институт природных ресурсов (ИПР) |b Кафедра общей химической технологии (ОХТ) |h 100 |2 stltpush |3 (RuTPU)RU\TPU\col\18654 |
| 801 | 2 | |a RU |b 63413507 |c 20161228 |g RCR | |
| 856 | 4 | |u http://dx.doi.org/10.1016/j.proche.2014.10.051 | |
| 856 | 4 | |u http://earchive.tpu.ru/handle/11683/35511 | |
| 942 | |c CF | ||